000 01072cam a22003017a 4500
003 CHAP
005 20220817040751.0
008 971010s1979 r 00010 d
010 _a6
011 _a978
035 _a13
040 _cCHAP
090 _aFolleto 9199
100 0 0 _aMéndez Ramírez, Ignacio.
_976569
245 1 3 _aAn intuitive approach for the teaching of linear statistical models
260 _aMéxico, D.F. :
_bUniversidad Nacional Autónoma de México. Instituto de Investigaciones en Matemáticas y en Sistemas,
_c1979
300 _a10 h.
490 0 _aComunicaciones técnicas: Serie azul: monografías
_v; 42
590 _aBATCH-UPD
_b10
_c20130110
_lUCH01
_h1426
590 _aBATCH-UPD
_b10
_c20130410
_lUCH01
_h0905
590 _aBATCH-UPD
_b10
_c20130914
_lUCH01
_h1031
590 _aCONVERSION
_b10
_c20130109
_lUCH01
_h1302
650 1 4 _aEstadística
_xEstudio y enseñanza.
_938249
830 0 _aComunicaciones técnicas : Serie azúl : Monografías
_v; 42
901 _aBK
942 _cFOLL
949 _aFolleto 9199
_bBC
_cFOLL
_d-147365
_eTS1
_i13
_si
999 _c6
_d6